C++ para ingeniería y ciencias (Registro nro. 4056)

Detalles MARC
000 -CABECERA
campo de control de longitud fija 00785aam a2200277 4500
005 - FECHA Y HORA DE ACTUALIZACIÓN
campo de control 20230628170234.0
008 - LONGITUD FIJA
campo de control de longitud fija 150320b2007 xxu||||| |||| 00| 0 spa d
041 ## - IDIOMA
Código de idioma del texto/pista de sonido o título separado Español
082 ## - CLASIFICACIÓN DECIMAL DEWEY
Número de clasificación 005.133 B869c
100 ## - AUTOR PERSONAL
Nombre de persona Bronson, Gary J
245 ## - TÍTULO PROPIAMENTE DICHO
Título C++ para ingeniería y ciencias
260 ## - PIE DE IMPRENTA
Lugar de publicación, distribución, etc. México
Nombre del editor, distribuidor, etc. Thomson
Fecha de publicación, distribución, etc. 2007
300 ## - DESCRIPCIÓN FÍSICA
Extensión 826 páginas
650 ## - Materia General
Materia general LENGUAJES DE PROGRAMACIÓN
650 ## - Materia General
Materia general C++
650 ## - Materia General
Materia general PROGRAMACIÓN ORIENTADA A OBJETOS
650 ## - Materia General
Materia general FUNCIONES
650 ## - Materia General
Materia general FLUJOS DE ARCHIVOS
650 ## - Materia General
Materia general ARCHIVOS DE DATOS
650 ## - Materia General
Materia general CLASES
650 ## - Materia General
Materia general ESTRUCTURAS DE DATOS
650 ## - Materia General
Materia general ARREGLOS
650 ## - Materia General
Materia general APUNTADORES
650 ## - Materia General
Materia general OPERADORES
942 ## - Punto de Acceso Adicional Koha
Tipo de ítem Koha Libro
Existencias
Estado perdido Estado dañado No para préstamo Biblioteca permanente Biblioteca actual Signatura completa Código de barras Precio efectivo a partir del Tipo de ítem
      Departamento de Biblioteca y Documentación Alfonso Chase Brenes Departamento de Biblioteca y Documentación Alfonso Chase Brenes 005.133 B869c 12907 21/11/2016 Libro